| 000 | 00998nac a22002651u 4500 | ||
|---|---|---|---|
| 010 | _a 91025607 | ||
| 020 | _a0824785592 (acid-free paper) | ||
| 082 | 0 | 0 |
_a620.00285411 _bSUP |
| 090 |
_c8477 _d8477 |
||
| 100 | _a20080729 | ||
| 245 | 0 | 0 |
_aSupercomputing in engineering analysis / _cedited by Hojjat Adeli. |
| 260 |
_aNew York : _bMarcel Dekker,1992. _cc1992. |
||
| 300 |
_axi, 362 p. : _bill. ; _c24 cm. |
||
| 440 | 0 |
_aNew generation computing ; _v1 |
|
| 500 | _aDistributer: Al-Ahram | ||
| 504 | _aIncludes bibliographical references and index. | ||
| 511 | _aCatalogued by: Sara | ||
| 650 | 0 |
_aEngineering _xData processing. |
|
| 650 | 0 | _aSupercomputers. | |
| 650 | 0 | _aVector processing (Computer science) | |
| 650 | 0 | _aParallel processing (Electronic computers) | |
| 700 | 1 |
_aAdeli, Hojjat, _d1950- |
|
| 856 | 4 | 2 |
_3Publisher description _uhttp://www.loc.gov/catdir/enhancements/fy0647/91025607-d.html |
| 942 |
_cBB _k620.00285411SUP |
||
| 999 |
_c8477 _d8477 |
||